000 00326nam a2200133Ia 4500
008 260604s9999 xx 000 0 und d
020 _a9781914187568
082 _a330 WIZ
100 _aRobert wizards
_935694
245 0 _aAgriculture Economics
260 _bRANDOM PUBLISHING
500 _aEconomy, Agriculture
942 _cBK
999 _c8518
_d8518